John Chambers and the CISCO way : (Record no. 13392)

000 -LEADER
fixed length control field 00652cam a2200193 a 4500
020 ## - INTERNATIONAL STANDARD BOOK NUMBER
ISBN 0471008338
040 ## - CATALOGING SOURCE
Transcribing agency JRZ
082 00 - DEWEY DECIMAL CLASSIFICATION NUMBER
Classification number 338 WIL 2002 A011 Or.
-- B
100 1# - MAIN ENTRY--AUTHOR NAME
Personal name Waters, John K.
245 10 - TITLE STATEMENT
Title John Chambers and the CISCO way :
Remainder of title navigating through volatility /
260 ## - PUBLICATION, DISTRIBUTION, ETC. (IMPRINT)
Place of publication New York :
Name of publisher Wiley,
Year of publication 2002.
300 ## - PHYSICAL DESCRIPTION
Number of Pages x, 192 p. ;
Dimensions 24 cm.
650 #0 - SUBJECT ADDED ENTRY--TOPICAL TERM
Topical Term Chief executive officers
650 #0 - SUBJECT ADDED ENTRY--TOPICAL TERM
Topical Term Internet industry
856 42 - ELECTRONIC LOCATION AND ACCESS
Uniform Resource Identifier http://www.loc.gov/catdir/bios/wiley043/2002277775.html
856 42 - ELECTRONIC LOCATION AND ACCESS
Uniform Resource Identifier http://www.loc.gov/catdir/description/wiley036/2002277775.html
856 41 - ELECTRONIC LOCATION AND ACCESS
Uniform Resource Identifier http://www.loc.gov/catdir/toc/wiley022/2002277775.html
942 ## - ADDED ENTRY ELEMENTS (KOHA)
Koha item type សៀវភៅភាសាអង់គ្លេស
952 ## - LOCATION AND ITEM INFORMATION (KOHA)
Withdrawn status [LOCAL, KOHA] 0
Holdings
Permanent Location Date acquired Koha item type Lost status Shelving location Barcode Current Location Full call number
Library Block A2017-08-25សៀវភៅភាសាអង់គ្លេស A011A20415Library Block A338 WIL 2002 A011 Or.
មជ្ឈមណ្ឌលឯការនៃសាកលវិទ្យាល័យភូមិន្ទកសិកម្មចំការដូង

Powered by Koha